000 01052nam a22003377a 4500
003 CHAP
005 20220329134112.0
008 971013s1951 r 00010 d
010 _a15394
011 _a16366
035 _a20445
040 _cCHAP
090 _aMP-48
100 0 0 _aGrissom, Dale B.
_950756
245 1 _aHeritability and association of characters affecting popping volume in dent-pop corn crosses
260 _aAmes :
_bIowa,
_c1951
300 _a11, 36 p
490 _aIowa State College. M.S.
590 _aBATCH-UPD
_b10
_c20130110
_lUCH01
_h0222
590 _aBATCH-UPD
_b10
_c20130110
_lUCH01
_h1719
590 _aBATCH-UPD
_b10
_c20130409
_lUCH01
_h2243
590 _aBATCH-UPD
_b10
_c20130410
_lUCH01
_h1103
590 _aBATCH-UPD
_b10
_c20130914
_lUCH01
_h1748
590 _aCONVERSION
_b10
_c20130109
_lUCH01
_h1310
650 1 4 _aMaíz palomero.
_971119
650 1 4 _aMaíz
_xGenética.
_970963
830 0 _aIowa State College. M.S.
_960289
901 _aBK
942 _cMP
949 _aMP-48
_bBC
_cTES
_d-47714
_eMP
_i20445
_si
999 _c15394
_d15394